ბათუმის შოთა რუსთაველის სახელმწიფო უნივერსიტეტის ბიბლიოთეკა

ტურიზმი სოფლად : (ბიბ.ჩანაწერი № 38583)

000 -ლიდერი
ფიქსირებული სიგრძის საკონტროლო ველი 01095nam a2200241Ia 4500
001 - საკონტროლო ნომერი
საკონტროლო ველი 4700
003 - საკონტროლო ნომრის იდენტიფიკატორი
საკონტროლო ველი GE_BSU
005 - ბოლო ოპერაციის თარიღი და დრო
საკონტროლო ველი 20190731131257.0
008 - ფიქსირებული სიგრძის მონაცემთა ელემენტები - ზოგადი ინფორმაცია
ფიქსირებული სიგრძის საკონტროლო ველი 181216s2008||||ge |||||||||||||| ||geo||
040 ## - კატალოგიზაციის წყარო
Transcribing agency GE_BSU
041 ## - ენის კოდი
Language code of text/sound track or separate title geo
080 ## - უნივერსალური ათობითი კლასიფიკაციის ინდექსი
Universal Decimal Classification number 338.488.2 : 640.42(22) ხ–27
100 ## - მთავარი ჩანაწერი - პიროვნების სახელი
Personal name ხარტიშვილი, ლელა
9 (RLIN) 3294
245 ## - ცნობა სათაურის შესახებ
Title ტურიზმი სოფლად :
Remainder of title დამხმ. სახელმძღვ. ოჯახური სასტუმრო სახლების მფლობელთათვის /
Statement of responsibility, etc ლელა ხარტიშვილი ; რედ. მანანა გიგაური
264 ## - წარმოების, გამოცემის, დისტრიბუციის და სხვა ცნობები
გამოცემის, წარმოების, დისტრიბუციის... ადგილი თბილისი :
გამოცემის, წარმოების, დისტრიბუციის... სახელწოდება ელკანა ;
გამოცემის, წარმოების, დისტრიბუციის... თარიღი 2008.
300 ## - ფიზიკური აღწერა
Extent 36 გვ. :
Other physical details ილ. ;
Accompanying material 20 სმ.
504 ## - BIBLIOGRAPHY, ETC. NOTE
Bibliography, etc ბიბლიოგრ. : გვ.36
653 ## - INDEX TERM--UNCONTROLLED
Uncontrolled term ტურიზმი სოფლად
653 ## - INDEX TERM--UNCONTROLLED
Uncontrolled term ტურიზმის ეკონომიკა
700 ## - ADDED ENTRY--PERSONAL NAME
Personal name გიგაური, მანანა
Relator term რედაქტორი
9 (RLIN) 3295
942 ## - ADDED ENTRY ELEMENTS (KOHA)
Koha item type წიგნი
Source of classification or shelving scheme
ეგზემპლარები
ჩამოწერის სტატუსი დაკარგული ეგზემპლარის სტატუსი დაზიანების სტატუსი არ გაიცემა შეძენის თარიღი შტრიხკოდი ბოლო ოპერაციის თარიღი ფასის ძალაში შესვლის თარიღი ეგზემპლარის სახეობა საჯარო შენიშვნა
        2018-12-17 12918 2018-12-17 2018-12-17 წიგნი საცავი
        2018-12-17 12919 2018-12-17 2018-12-17 წიგნი საცავი
        2018-12-17 12921 2018-12-17 2018-12-17 წიგნი საცავი
        2018-12-17 12922 2018-12-17 2018-12-17 წიგნი საცავი